000 00556nam a2200217Ia 4500
001 14975
003 GE_BSU
008 181216s||||||||xx |||||||||||||| ||und||
040 _cGE_BSU
080 _a514(072)
100 _aБескин,Л.Н.
245 _aСтереометрия
245 _bПособие для учителей
245 _cРед.З.А.Родионова
260 _aМосква
260 _bПросвещение
260 _c1971
300 _a415стр.22см.
653 _aСтереометрия
942 _cBK
999 _c48094
_d48094